000 00853cam a2200253 a 4500
001 000004579
005 20200929151450.0
008 901114s1980 sp a 001 p spa
020 _a8470532219 (obra complera)
020 _a8470532235 (v. 2)
040 _aDO-SdBNP
_cDLC
_dDLC
041 1 7 _aspa
_hger
_2Código de idioma MARC
082 _a831.914
_bB744v
100 1 _aBoso, Felipe
_q(Felipe Segundo Fernández Alonso),
_d1924-1983.
_913364
245 1 0 _aVeintiun poetas alemanes :
_b1945 a 1975 /
_cFelipe Boso.
260 _aMadrid :
_bVisor,
_c1980.
300 _a2 v. :
_bil. ;
_c20 cm.
490 1 _aVisor de poesía ;
_v95.
500 _aLa biblioteca posee el vol. 2.
650 4 _aPoesía alemana
_ySIGLO XX
_913365
650 4 _aLiteratura alemana
_93274
830 0 _aVisor de poesía ;
_v95.
_913366
910 _aCatalogación por copia / LC
999 _c4387
_d4387